[Event "Madrid San Viator op-B 31st"]
[Site "Madrid"]
[Date "2019.10.27"]
[Round "7"]
[White "Garcia Rojas, Juan Carlos"]
[Black "Caparros Armand, M Isabel"]
[Result "1-0"]
[WhiteElo "1508"]
[BlackElo "1406"]
[PlyCount "73"]
[EventDate "2019.09.08"]
[EventType "swiss"]
[EventRounds "9"]
[EventCountry "ESP"]
[SourceTitle "EXT 2022"]
[Source "ChessBase"]
[SourceDate "2021.10.06"]
[SourceVersion "1"]
[SourceVersionDate "2021.10.06"]
[SourceQuality "1"]

1. e4 d5 2. exd5 Qxd5 3. Nc3 Qd8 4. Nf3 Bg4 5. Bc4 e6 6. Ne4 Nf6 7. Ng3 Be7 8. h3 Bxf3 9. Qxf3 c6 10. c3 0-0 11. 0-0 Nbd7 12. d4 e5 13. Be3 Qc7 14. Nf5 Nb6 15. Qg3 Nh5 16. Qg4 Nxc4 17. Qxh5 g6 18. Nxe7+ Qxe7 19. Qh6 f5 20. dxe5 Qxe5 21. Bd4 Qc7 22. Bc5 Rf7 23. b3 Nd6 24. Rad1 Ne4 25. Qe3 Qa5 26. b4 Qxa2 27. Ra1 Qc4 28. Bd4 a6 29. Rfe1 Qd5 30. f3 Nf6 31. Ra5 Qd7 32. Re5 Rff8 33. Qg5 Rae8 34. Rxe8 Nxe8 35. Re7 Qd8 36. Qe3 Nf6 37. Qe6+ 1-0

[Event "Madrid San Viator op-B 31st"]
[Site "Madrid"]
[Date "2019.09.08"]
[Round "1"]
[White "Garcia Rojas, Juan Carlos"]
[Black "Lavado Pena, Hector"]
[Result "1-0"]
[WhiteElo "1508"]
[BlackElo "1058"]
[PlyCount "107"]
[EventDate "2019.09.08"]
[EventType "swiss"]
[EventRounds "9"]
[EventCountry "ESP"]
[SourceTitle "EXT 2022"]
[Source "ChessBase"]
[SourceDate "2021.10.06"]
[SourceVersion "1"]
[SourceVersionDate "2021.10.06"]
[SourceQuality "1"]

1. e4 e5 2. Nf3 Nc6 3. Bb5 d6 4. c3 a6 5. Ba4 Nf6 6. d3 h6 7. 0-0 Bg4 8. Nbd2 Be7 9. Re1 0-0 10. Nf1 b5 11. Bb3 a5 12. h3 Bh5 13. Ng3 a4 14. Bc2 b4 15. Nxh5 Nxh5 16. Bxa4 Ra6 17. cxb4 Nxb4 18. Bb3 c6 19. a3 d5 20. Nxe5 dxe4 21. Nxf7 Rxf7 22. Qxh5 Qe8 23. Bxf7+ Qxf7 24. Qxf7+ Kxf7 25. dxe4 Nc2 26. Bd2 Nxa1 27. Rxa1 Bf6 28. Bc3 Be7 29. b4 c5 30. b5 Rb6 31. a4 Ke8 32. Bxg7 h5 33. f4 Kf7 34. Be5 c4 35. Rc1 Bc5+ 36. Kf1 Bb4 37. Rxc4 Ba5 38. Bc7 Rf6 39. Bxa5 Rxf4+ 40. Ke2 Rf6 41. Bc7 Rg6 42. Kf3 Rf6+ 43. Kg3 Rg6+ 44. Kh2 Ke7 45. a5 Kd7 46. b6 Kc8 47. a6 Rxb6 48. Bxb6+ Kb8 49. Rc7 h4 50. a7+ Ka8 51. Rc8+ Kb7 52. a8Q+ Kxb6 53. Qc6+ Ka5 54. Qb7 1-0

[Event "Madrid San Viator op-B 29th"]
[Site "Madrid"]
[Date "2017.11.05"]
[Round "8"]
[White "Mora Gonzalez Rojas, Francisco"]
[Black "Garcia Rojas, Juan Carlos"]
[Result "0-1"]
[WhiteElo "1274"]
[BlackElo "1470"]
[PlyCount "144"]
[EventDate "2017.09.17"]
[EventType "swiss"]
[EventRounds "9"]
[EventCountry "ESP"]
[SourceTitle "EXT 2019"]
[Source "ChessBase"]
[SourceDate "2018.10.10"]
[SourceVersion "1"]
[SourceVersionDate "2018.10.10"]
[SourceQuality "1"]

1. e4 c5 2. Nf3 d6 3. Bb5+ Bd7 4. Bxd7+ Nxd7 5. 0-0 Ngf6 6. d3 e6 7. Bg5 Qb6 8. b3 Be7 9. Nbd2 d5 10. e5 Ng4 11. Bxe7 Kxe7 12. Qe2 Rhe8 13. h3 Nh6 14. Qe3 Kf8 15. Ng5 Kg8 16. Ngf3 Nf5 17. Qe2 Qd8 18. g4 Ne7 19. Kg2 Ng6 20. Qe3 Rc8 21. Rac1 f6 22. exf6 Nxf6 23. Rfe1 d4 24. Qg5 Qc7 25. Ne5 Nxe5 26. Qxe5 Qc6+ 27. f3 Rcd8 28. Ne4 Nxe4 29. Qxe4 Qa6 30. a4 Rd5 31. Qe2 h5 32. Qf2 Qd6 33. Qg3 Qe7 34. Qf2 b6 35. Re4 e5 36. Qg3 h4 37. Qe1 g5 38. Qe2 Qf6 39. Rf1 Rf8 40. Qd1 Qd6 41. Qa1 Rf4 42. Qd1 Qf6 43. Qe2 a6 44. Qd1 Rd7 45. Qe2 Re7 46. Qd1 Rf7 47. Qe2 Rxe4 48. fxe4 Qxf1+ 49. Qxf1 Rxf1 50. Kxf1 Kf7 51. Ke2 Ke6 52. Kd2 Kd6 53. c4 Kc6 54. Kc2 b5 55. axb5+ axb5 56. cxb5+ Kxb5 57. Kb2 Kb4 58. Kc2 Ka3 59. Kd2 Kxb3 60. Kd1 Kc3 61. Ke2 Kc2 62. Ke1 Kxd3 63. Kf2 Kd2 64. Kf1 c4 65. Kf2 c3 66. Kf1 c2 67. Kf2 c1Q 68. Kg2 Ke2 69. Kh2 Qc2 70. Kg2 Qd3 71. Kh2 Kf2 72. Kh1 Qxh3# 0-1

[Event "Madrid San Viator op-B 28th"]
[Site "Madrid"]
[Date "2017.05.28"]
[Round "8"]
[White "Garcia Rojas, Juan Carlos"]
[Black "Alvarez Garcia, Jose Javier"]
[Result "1-0"]
[WhiteElo "1514"]
[BlackElo "1300"]
[PlyCount "103"]
[EventDate "2017.03.26"]
[EventType "swiss"]
[EventRounds "9"]
[EventCountry "ESP"]
[SourceTitle "EXT 2019"]
[Source "ChessBase"]
[SourceDate "2018.10.10"]
[SourceVersion "1"]
[SourceVersionDate "2018.10.10"]
[SourceQuality "1"]

1. e4 e5 2. Nf3 Nc6 3. Bb5 Nd4 4. Nxd4 exd4 5. b3 a6 6. Be2 Bc5 7. d3 Ne7 8. 0-0 0-0 9. Nd2 b5 10. Nf3 Bb6 11. Bb2 c5 12. c3 dxc3 13. Bxc3 d5 14. Qc2 d4 15. Bb2 Be6 16. Nd2 Qc7 17. Rac1 b4 18. Bxd4 cxd4 19. Qxc7 Bxc7 20. Rxc7 Rfe8 21. Rfc1 Rac8 22. f4 f5 23. Bf3 Kf8 24. e5 Rxc7 25. Rxc7 Rc8 26. Rxc8+ Bxc8 27. Nc4 Bd7 28. g3 Bb5 29. Kf2 a5 30. Ke2 a4 31. Kd2 axb3 32. axb3 h6 33. h3 g5 34. Nd6 Bd7 35. fxg5 hxg5 36. g4 f4 37. Ne4 Bc6 38. Nxg5 Bxf3 39. Nxf3 Nc6 40. h4 Kf7 41. h5 Kg7 42. g5 Kf7 43. Ke2 Ke6 44. h6 Ne7 45. Nxd4+ Kxe5 46. Nc6+ Nxc6 47. h7 Nd4+ 48. Kf2 Nxb3 49. h8Q+ Kf5 50. Qf8+ Kxg5 51. Qg8+ Kf5 52. Qxb3 1-0

[Event "Madrid San Viator op-B 26th"]
[Site "Madrid"]
[Date "2016.06.05"]
[Round "9"]
[White "Garcia Rojas, Juan Carlos"]
[Black "Jimenez Sanchez, Juan Daniel"]
[Result "1-0"]
[WhiteElo "1521"]
[BlackElo "1322"]
[PlyCount "64"]
[EventDate "2016.04.03"]
[EventType "swiss"]
[EventRounds "9"]
[EventCountry "ESP"]
[SourceTitle "EXT 2017"]
[Source "ChessBase"]
[SourceDate "2016.10.25"]
[SourceVersion "1"]
[SourceVersionDate "2016.10.25"]
[SourceQuality "1"]

1. d4 Nf6 2. c4 e6 3. e3 d5 4. Nc3 Bb4 5. Bd2 0-0 6. Nf3 Nbd7 7. Bd3 c5 8. a3 Bxc3 9. Bxc3 Ne4 10. Qc2 cxd4 11. Bxd4 Ndf6 12. 0-0 b6 13. Ne5 Bb7 14. f3 Nc5 15. Be2 Rc8 16. b4 Ncd7 17. Rac1 Qc7 18. Qb2 Qd8 19. Nxd7 Qxd7 20. Bxf6 gxf6 21. Qxf6 Rc6 22. Rfd1 e5 23. Qxe5 Re6 24. Qd4 Rg6 25. Bd3 Rg7 26. Qh4 Kh8 27. Be4 Rfg8 28. Rc2 Qa4 29. Rcd2 Rxg2+ 30. Kh1 dxe4 31. Rd8 exf3 32. Rxg8+ Rxg8 1-0

[Event "Madrid San Viator op-B 25th"]
[Site "Madrid"]
[Date "2015.11.01"]
[Round "6"]
[White "Cabello Rodriguez, Raul"]
[Black "Garcia Rojas, Juan Carlos"]
[Result "1/2-1/2"]
[WhiteElo "1615"]
[BlackElo "1489"]
[PlyCount "85"]
[EventDate "2015.10.04"]
[EventType "swiss"]
[EventRounds "9"]
[EventCountry "ESP"]
[SourceTitle "EXT 2019"]
[Source "ChessBase"]
[SourceDate "2018.10.10"]
[SourceVersion "1"]
[SourceVersionDate "2018.10.10"]
[SourceQuality "1"]

1. d4 d5 2. Bf4 e6 3. Nf3 Nc6 4. e3 Bd7 5. c3 Be7 6. Bd3 Nf6 7. h3 0-0 8. Nbd2 b6 9. 0-0 Na5 10. Ne5 c5 11. Re1 c4 12. Bc2 b5 13. b4 Nb7 14. Qf3 Bd6 15. a3 a5 16. Qg3 g6 17. Bg5 Be7 18. Qh4 Re8 19. f3 Nh5 20. Bxe7 Qxe7 21. Qxe7 Rxe7 22. Kh2 a4 23. Nf1 Nd6 24. Re2 f6 25. Ng4 Nf7 26. Ng3 Nxg3 27. Kxg3 f5 28. Nh2 Nd6 29. Nf1 Rae8 30. Rae1 Bc6 31. Kf2 e5 32. Nd2 e4 33. f4 h5 34. Rg1 Bd7 35. Bd1 Rg7 36. Nf1 Kh7 37. h4 Reg8 38. Ng3 Ne8 39. Nh1 Nf6 40. Ree1 Ng4+ 41. Bxg4 fxg4 42. g3 Rf8 43. Kg2 1/2-1/2

[Event "Madrid San Viator op 24th"]
[Site "Madrid"]
[Date "2015.03.29"]
[Round "2"]
[White "Diaz del Prado, Carlos"]
[Black "Garcia Rojas, Juan Carlos"]
[Result "0-1"]
[WhiteElo "1274"]
[BlackElo "1528"]
[PlyCount "44"]
[EventDate "2015.03.22"]
[EventType "swiss"]
[EventRounds "9"]
[EventCountry "ESP"]
[SourceTitle "EXT 2016"]
[Source "ChessBase"]
[SourceDate "2015.10.08"]
[SourceVersion "1"]
[SourceVersionDate "2015.10.08"]
[SourceQuality "1"]

1. e4 c5 2. Nc3 e6 3. g3 Nc6 4. Bg2 d6 5. f4 Be7 6. Nf3 Nf6 7. d3 0-0 8. h3 a6 9. 0-0 b5 10. g4 g6 11. Be3 Nd7 12. g5 Bb7 13. Ne2 Qc8 14. Ng3 Re8 15. h4 Nb6 16. Bh3 Qc7 17. Kg2 Rad8 18. h5 Bc8 19. Nh4 d5 20. Qf3 Nb4 21. Rf2 dxe4 22. Qxe4 Bb7 0-1

[Event "Madrid San Viator op 23rd"]
[Site "Madrid"]
[Date "2014.11.16"]
[Round "8"]
[White "Garcia Rojas, Juan Carlos"]
[Black "Rodriguez Alonso, Marcos"]
[Result "0-1"]
[WhiteElo "1562"]
[BlackElo "1746"]
[PlyCount "92"]
[EventDate "2014.09.28"]
[EventType "swiss"]
[EventRounds "9"]
[EventCountry "ESP"]
[SourceTitle "EXT 2016"]
[Source "ChessBase"]
[SourceDate "2015.10.08"]
[SourceVersion "1"]
[SourceVersionDate "2015.10.08"]
[SourceQuality "1"]

1. d4 d5 2. c4 e6 3. e3 Nf6 4. Bd3 dxc4 5. Bxc4 Nbd7 6. Nf3 Be7 7. Nc3 0-0 8. 0-0 a6 9. Re1 b5 10. Bd3 Bb7 11. Qc2 Bxf3 12. gxf3 c5 13. dxc5 Nxc5 14. Rd1 Qb6 15. e4 Rac8 16. Be3 Qb7 17. Bxc5 Bxc5 18. Qe2 Bd4 19. Bxb5 Bxc3 20. Bxa6 Qxb2 21. Qf1 Rcd8 22. Rdc1 Qd2 23. Rd1 Qg5+ 24. Qg2 Qxg2+ 25. Kxg2 Bxa1 26. Rxa1 e5 27. a4 Ra8 28. Bb5 Rfb8 29. Rc1 Ne8 30. Rd1 Nc7 31. Bc6 Ra6 32. Bb7 Rb6 33. Bd5 Nxd5 34. Rxd5 f6 35. Kg3 Ra6 36. f4 exf4+ 37. Kxf4 Rxa4 38. f3 Re8 39. h4 h6 40. h5 Kf7 41. Kf5 Re5+ 42. Rxe5 fxe5 43. Kxe5 Ra5+ 44. Kd6 Rxh5 45. e5 Rf5 46. e6+ Ke8 0-1

[Event "Madrid San Viator op 23rd"]
[Site "Madrid"]
[Date "2014.11.09"]
[Round "7"]
[White "Del Noval Nemeshazi, Mario"]
[Black "Garcia Rojas, Juan Carlos"]
[Result "0-1"]
[WhiteElo "1309"]
[BlackElo "1562"]
[PlyCount "60"]
[EventDate "2014.09.28"]
[EventType "swiss"]
[EventRounds "9"]
[EventCountry "ESP"]
[SourceTitle "EXT 2016"]
[Source "ChessBase"]
[SourceDate "2015.10.08"]
[SourceVersion "1"]
[SourceVersionDate "2015.10.08"]
[SourceQuality "1"]

1. e4 e5 2. Nf3 Nc6 3. d4 exd4 4. Nxd4 Nge7 5. Bc4 g6 6. Nc3 Bg7 7. Be3 0-0 8. 0-0 Ne5 9. Bb3 d6 10. h3 b6 11. Ba4 Bb7 12. Bb3 d5 13. exd5 Bxd5 14. Nxd5 Nxd5 15. Nc6 Nxc6 16. Bxd5 Qf6 17. Rb1 Rad8 18. c4 Ne7 19. Qb3 Nxd5 20. cxd5 Rd6 21. Rfd1 Rfd8 22. Rd2 c5 23. Qc4 Qf5 24. Rbd1 Re8 25. Qa6 Qd7 26. Qc4 f5 27. Bf4 Re4 28. Qd3 Rxf4 29. Re1 Rd4 30. Qe3 Re4 0-1

[Event "Madrid San Viator op 23rd"]
[Site "Madrid"]
[Date "2014.10.26"]
[Round "5"]
[White "Garcia Rojas, Juan Carlos"]
[Black "Martos de la Vega, Alvaro"]
[Result "0-1"]
[WhiteElo "1562"]
[BlackElo "1951"]
[PlyCount "102"]
[EventDate "2014.09.28"]
[EventType "swiss"]
[EventRounds "9"]
[EventCountry "ESP"]
[SourceTitle "EXT 2016"]
[Source "ChessBase"]
[SourceDate "2015.10.08"]
[SourceVersion "1"]
[SourceVersionDate "2015.10.08"]
[SourceQuality "1"]

1. d4 Nf6 2. c4 g6 3. Nc3 d5 4. e3 Bg7 5. b3 0-0 6. Nf3 c5 7. Bb2 cxd4 8. Nxd4 Qa5 9. Qd2 e5 10. Nc2 d4 11. exd4 exd4 12. b4 Qe5+ 13. Ne2 Qe6 14. Qxd4 Nh5 15. Qe3 Bxb2 16. Qxe6 Bxe6 17. Rb1 Bg7 18. Ne3 Nc6 19. g3 Nd4 20. Bg2 Nxe2 21. Kxe2 Rae8 22. Kf1 Bc8 23. c5 Nf6 24. h3 Ne4 25. Bxe4 Rxe4 26. Kg2 Be6 27. a3 Rd8 28. Rbd1 Rdd4 29. Rc1 Rd3 30. c6 bxc6 31. Rxc6 Rexe3 32. fxe3 Bd5+ 33. Kf2 Bxc6 34. Rc1 Rd6 35. g4 Bb2 36. Rb1 Bxa3 37. Rb3 Rd2+ 38. Ke1 Ra2 39. b5 Bd5 40. Rb1 Rh2 41. Rd1 Rh1+ 42. Kd2 Bb4+ 43. Kc2 Rh2+ 44. Kd3 Bc5 45. Rc1 Bb6 46. Rc8+ Kg7 47. Re8 Rxh3 48. g5 Be6 49. Ke4 Rxe3+ 50. Kf4 Re1 51. Rb8 Bc7+ 0-1

[Event "Madrid San Viator op 22nd"]
[Site "Madrid"]
[Date "2014.04.13"]
[Round "4"]
[White "Morera Rodriguez, Ignacio"]
[Black "Garcia Rojas, Juan Carlos"]
[Result "1-0"]
[WhiteElo "1843"]
[BlackElo "1548"]
[PlyCount "61"]
[EventDate "2014.03.23"]
[EventType "swiss"]
[EventRounds "9"]
[EventCountry "ESP"]
[SourceTitle "EXT 2015"]
[Source "ChessBase"]
[SourceDate "2014.11.20"]
[SourceVersion "1"]
[SourceVersionDate "2014.11.20"]
[SourceQuality "1"]

1. d4 d5 2. c4 c6 3. Nf3 e6 4. Nc3 Nf6 5. e3 Bb4 6. Bd2 Bxc3 7. Bxc3 0-0 8. Bd3 Nbd7 9. Qc2 g6 10. c5 b5 11. a4 bxa4 12. Rxa4 Bb7 13. 0-0 Re8 14. Rfa1 Qb8 15. Ba6 Ne4 16. Rb4 Nxc3 17. Qxc3 Qc7 18. Rxb7 Qd8 19. Qa5 Qxa5 20. Rxa5 Nf6 21. Ne5 Rab8 22. Nxc6 Rxb7 23. Bxb7 Ne4 24. Rxa7 Nd2 25. Ra8 Rxa8 26. Bxa8 Nb3 27. Ne5 Kf8 28. c6 f6 29. c7 fxe5 30. c8Q+ Ke7 31. Qb7+ 1-0

[Event "Madrid San Viator op 21st"]
[Site "Madrid"]
[Date "2013.11.17"]
[Round "9"]
[White "Alonso Penalver, Angel"]
[Black "Garcia Rojas, Juan Carlos"]
[Result "0-1"]
[WhiteElo "1762"]
[BlackElo "1545"]
[PlyCount "132"]
[EventDate "2013.09.29"]
[EventType "swiss"]
[EventRounds "9"]
[EventCountry "ESP"]
[SourceTitle "EXT 2015"]
[Source "ChessBase"]
[SourceDate "2014.11.20"]
[SourceVersion "1"]
[SourceVersionDate "2014.11.20"]
[SourceQuality "1"]

1. e4 e5 2. Nf3 Nc6 3. Bc4 Be7 4. c3 Nf6 5. d3 d6 6. Bb3 Bd7 7. 0-0 0-0 8. Re1 Bg4 9. h3 Bh5 10. Nbd2 Rb8 11. Nf1 b6 12. Be3 Na5 13. Bc2 Nb7 14. d4 exd4 15. cxd4 Bg6 16. Ng3 Nd7 17. Rc1 Bh4 18. Qd2 Bxg3 19. fxg3 Re8 20. Bf2 f6 21. d5 Ndc5 22. Nd4 Qc8 23. Qf4 a5 24. a3 Nd7 25. Ba4 Nbc5 26. Bc2 Ne5 27. Re3 Bf7 28. Bb1 Qa6 29. Rcc3 b5 30. b4 axb4 31. axb4 Na4 32. Rxc7 Qb6 33. Ne6 Bxe6 34. Rec3 Nxc3 35. Bxb6 Ne2+ 36. Kh2 Nxf4 37. gxf4 Rxb6 38. dxe6 Nc6 39. Ba2 Nxb4 40. Bb3 Kh8 41. e7 Na6 42. Ra7 Nc5 43. Bf7 Rbb8 44. Bxe8 Rxe8 45. e5 dxe5 46. Rc7 Ne6 47. Rd7 Kg8 48. fxe5 fxe5 49. Rd5 Rxe7 50. Rxe5 b4 51. Rb5 b3 52. Rxb3 h5 53. Rb5 g6 54. h4 Nd4 55. Rd5 Nf5 56. Rc5 Nxh4 57. g3 Re2+ 58. Kh3 Nf5 59. Rc7 Re3 60. Kh2 Rxg3 61. Rc6 Kf7 62. Rb6 h4 63. Ra6 g5 64. Ra5 Kg6 65. Rb5 Ne3 66. Re5 Ng4+ 0-1

[Event "Madrid San Viator op 21st"]
[Site "Madrid"]
[Date "2013.10.20"]
[Round "5"]
[White "Campo Garcia, Carlos"]
[Black "Garcia Rojas, Juan Carlos"]
[Result "1-0"]
[WhiteElo "1789"]
[BlackElo "1545"]
[PlyCount "107"]
[EventDate "2013.09.29"]
[EventType "swiss"]
[EventRounds "9"]
[EventCountry "ESP"]
[SourceTitle "EXT 2015"]
[Source "ChessBase"]
[SourceDate "2014.11.20"]
[SourceVersion "1"]
[SourceVersionDate "2014.11.20"]
[SourceQuality "1"]

1. d4 d5 2. c4 c6 3. cxd5 cxd5 4. Nc3 e6 5. Nf3 Be7 6. Bf4 Nc6 7. e3 a6 8. Bd3 Nf6 9. h3 Qb6 10. Qc1 Bd7 11. 0-0 0-0 12. Ne5 Rac8 13. Bg5 Qd8 14. Bf4 Nb4 15. Bb1 Nh5 16. Bh2 g6 17. a3 Nc6 18. b4 Na7 19. Qd2 Bb5 20. Nxb5 Nxb5 21. Bd3 Nd6 22. Rac1 Nf6 23. f3 b5 24. Nc6 Qd7 25. Nxe7+ Qxe7 26. Bxd6 Qxd6 27. Rc3 Nd7 28. Rfc1 Nb6 29. Rxc8 Rxc8 30. Rxc8+ Nxc8 31. Qc3 Qd7 32. a4 f5 33. axb5 axb5 34. e4 Nd6 35. Qc5 Kg7 36. exd5 Nc4 37. Bxc4 bxc4 38. Qxc4 exd5 39. Qc5 Qe6 40. b5 Qe1+ 41. Kh2 f4 42. Qc7+ Kg8 43. Qxf4 Qb4 44. Qb8+ Kf7 45. Qc7+ Ke6 46. Qc8+ Ke7 47. Qc5+ Qxc5 48. dxc5 d4 49. Kg1 Ke6 50. Kf2 Kd5 51. b6 Kc6 52. Ke2 h6 53. Kd3 g5 54. g4 1-0

[Event "Madrid San Viator op 20th"]
[Site "Madrid"]
[Date "2013.06.02"]
[Round "8"]
[White "Di Pietro Moreno, Fatima"]
[Black "Garcia Rojas, Juan Carlos"]
[Result "1/2-1/2"]
[WhiteElo "1287"]
[BlackElo "1548"]
[PlyCount "53"]
[EventDate "2013.04.07"]
[EventType "swiss"]
[EventRounds "9"]
[EventCountry "ESP"]
[SourceTitle "EXT 2014"]
[Source "ChessBase"]
[SourceDate "2013.11.20"]
[SourceVersion "1"]
[SourceVersionDate "2013.11.20"]
[SourceQuality "1"]

1. e4 e5 2. Nf3 Nc6 3. Bc4 Be7 4. d4 exd4 5. Nxd4 Ne5 6. Bb3 d6 7. f4 Nc6 8. 0-0 Bd7 9. Re1 Qc8 10. c3 Nf6 11. Nf3 0-0 12. f5 h6 13. Nbd2 Ne5 14. Nf1 Bc6 15. Ng3 Nfd7 16. Bf4 Bf6 17. Nh5 Nxf3+ 18. Qxf3 Qd8 19. Qg3 Bg5 20. h4 Nf6 21. Nxf6+ Bxf6 22. Bxh6 Be5 23. Bf4 Bxf4 24. Qxf4 Qf6 25. Re3 Rae8 26. Rae1 Re5 27. h5 1/2-1/2

[Event "Madrid San Viator op 19th"]
[Site "Madrid"]
[Date "2012.11.04"]
[Round "7"]
[White "Garcia Rojas, Juan Carlos"]
[Black "Soto Martin, Miguel"]
[Result "0-1"]
[WhiteElo "1570"]
[BlackElo "1493"]
[PlyCount "128"]
[EventDate "2012.09.23"]
[EventType "swiss"]
[EventRounds "9"]
[EventCountry "ESP"]
[SourceTitle "EXT 2013"]
[Source "ChessBase"]
[SourceDate "2012.11.22"]
[SourceVersion "1"]
[SourceVersionDate "2012.11.22"]
[SourceQuality "1"]

1. e4 e5 2. Nf3 Nc6 3. Bc4 Bc5 4. b3 Nf6 5. Nc3 d6 6. 0-0 0-0 7. Re1 Be6 8. Be2 Nd4 9. d3 Qd7 10. Be3 Ng4 11. Bxd4 exd4 12. Na4 Bb4 13. Rf1 c5 14. Ng5 Nf6 15. Nxe6 Qxe6 16. f4 b5 17. Nb2 Bc3 18. Qc1 Nd7 19. Rb1 f5 20. Bf3 Rae8 21. Nd1 Ba5 22. Nf2 Qf6 23. exf5 Qxf5 24. Nh3 Nf6 25. Qd1 Nd5 26. Bxd5+ Qxd5 27. Qg4 Qf5 28. Qf3 d5 29. a3 Bc7 30. g4 Qe6 31. f5 Qe3+ 32. Rf2 Qxf3 33. Rxf3 Re3 34. Rxe3 dxe3 35. Ng5 Re8 36. Ne6 Bb6 37. Re1 d4 38. Re2 g6 39. Rg2 Kf7 40. Ng5+ Kg7 41. Ne4 h6 42. f6+ Kf8 43. h4 Rd8 44. Kf1 Kf7 45. Ke2 a5 46. g5 h5 47. Rg1 Rd7 48. Rc1 Rc7 49. Nd6+ Kf8 50. Nxb5 Rd7 51. a4 Bc7 52. Rg1 Bb6 53. Na3 Rd5 54. Nc4 Bc7 55. Rg2 Rf5 56. Nb2 Rf4 57. Rh2 Rg4 58. Rh1 Rg2+ 59. Kf3 Rxc2 60. Rb1 Rf2+ 61. Ke4 Rf5 62. Nc4 Kf7 63. Na3 Ke6 64. Nb5 Rf4# 0-1

[Event "Madrid San Viator op 19th"]
[Site "Madrid"]
[Date "2012.10.21"]
[Round "5"]
[White "Garcia Rojas, Juan Carlos"]
[Black "Del Castillo Lopez, Rafael"]
[Result "1/2-1/2"]
[WhiteElo "1570"]
[BlackElo "1729"]
[PlyCount "134"]
[EventDate "2012.09.23"]
[EventType "swiss"]
[EventRounds "9"]
[EventCountry "ESP"]
[SourceTitle "EXT 2013"]
[Source "ChessBase"]
[SourceDate "2012.11.22"]
[SourceVersion "1"]
[SourceVersionDate "2012.11.22"]
[SourceQuality "1"]

1. e4 c5 2. Nc3 Nc6 3. Bc4 d6 4. Nf3 Nf6 5. 0-0 g6 6. b3 Bg7 7. Rb1 0-0 8. Re1 a6 9. Bb2 b5 10. Bd5 Bb7 11. Bxc6 Bxc6 12. d3 b4 13. Ne2 Nd7 14. Bxg7 Kxg7 15. Ng3 e5 16. Nd2 Bb5 17. Qg4 Nf6 18. Qg5 Kh8 19. Nf3 Ng8 20. Qe3 h6 21. h3 Kg7 22. Nh2 Bd7 23. f4 exf4 24. Qxf4 Qf6 25. Qe3 Qd4 26. Qxd4+ cxd4 27. Ne2 f5 28. Nxd4 fxe4 29. Rxe4 Nf6 30. Ne6+ Bxe6 31. Rxe6 d5 32. Rbe1 Rae8 33. Nf3 a5 34. Nd4 Ra8 35. Re7+ Rf7 36. Nc6 Rxe7 37. Rxe7+ Kf8 38. Ra7 Rc8 39. Nd4 Rb8 40. Rxa5 h5 41. Ne6+ Ke7 42. Nf4 Kf7 43. Nxd5 Nxd5 44. Rxd5 Rc8 45. d4 Rxc2 46. Ra5 Rd2 47. d5 Ke7 48. h4 Kd6 49. Kf1 Rxd5 50. Ra6+ Ke5 51. Rxg6 Kf4 52. g3+ Kf3 53. Rf6+ Kxg3 54. Re6 Kxh4 55. Re4+ Kg3 56. Rxb4 h4 57. Rc4 h3 58. Rc3+ Kg4 59. a4 Rd2 60. Kg1 Rb2 61. Re3 h2+ 62. Kh1 Kf4 63. Rh3 Ke5 64. a5 Kd6 65. a6 Ra2 66. b4 Kc6 67. Rh5 Rxa6 1/2-1/2

[Event "Madrid San Viator op 18th"]
[Site "Madrid"]
[Date "2012.06.03"]
[Round "9"]
[White "Rasillo Fuentes, Raul"]
[Black "Garcia Rojas, Juan Carlos"]
[Result "0-1"]
[WhiteElo "1653"]
[BlackElo "1555"]
[PlyCount "64"]
[EventDate "2012.03.25"]
[EventType "swiss"]
[EventRounds "9"]
[EventCountry "ESP"]
[SourceTitle "EXT 2013"]
[Source "ChessBase"]
[SourceDate "2012.11.22"]
[SourceVersion "1"]
[SourceVersionDate "2012.11.22"]
[SourceQuality "1"]

1. d4 d5 2. c4 Nf6 3. cxd5 Qxd5 4. Nc3 Qd8 5. Nf3 e6 6. Bg5 c6 7. e3 Be7 8. Bd3 Nbd7 9. 0-0 0-0 10. Qc2 g6 11. e4 Nb6 12. e5 Nfd5 13. Bxe7 Qxe7 14. Ne4 Nd7 15. Rfd1 Nf4 16. Rac1 Nh5 17. Nc5 Nb6 18. Qb3 Nd5 19. Be4 Nhf4 20. Rc2 b6 21. Nd3 Nxd3 22. Bxd3 Bb7 23. Nd2 Nb4 24. Rcc1 Nxd3 25. Qxd3 Rfd8 26. Ne4 c5 27. Nd6 cxd4 28. Qxd4 Bd5 29. a3 Qg5 30. g3 Qh5 31. Qf4 Rd7 32. Rc3 Qxd1# 0-1